| 000 | 00442 a2200157 4500 | ||
|---|---|---|---|
| 999 |
_c3177 _d3177 |
||
| 020 | _a9780141975559 | ||
| 050 | _aJQ1519.A5 MCG 2012 | ||
| 100 | _aMcGregor, Richard | ||
| 245 |
_aThe Party: _bThe Secret world of China's communist rulers / _cRichard McGregor |
||
| 250 | _aRevised Edi. | ||
| 264 |
_aLondon _bPenguin _c2012 |
||
| 300 |
_a301p., _bill.; |
||
| 500 | _aChina | ||
| 650 | _aChina | ||
| 942 |
_2olc _cBK _eRevised edi. _h1519.A5 _iMCG _kJQ |
||